100 quiz en 1, en images - Statistiques

Statistiques générales
  • Ce quiz a été pris 124 fois
  • Le résultat moyen est 46 sur 99
Statistiques - réponses
Par images Hint Réponse % Correct
Bonne année - Nombre 5
91%
4 images, 1 personnalité célèbre - Présentatrice Karine Lemarchand
87%
La Somme en images - Président français Emmanuel Macron
86%
La Picardie de A à Z - Chef cuisinier Philippe Etchebest
85%
Dessin animé A-Z par image Garfield & Cie
82%
La Californie en images - Récompense Oscar
82%
Dessin animé A-Z par image #2 Inspecteur Gadget
80%
La réponse est (presque) quelque chose d'autre - Fleuve Amazone
78%
Personnalité née dans chaque État des États-Unis Barack Obama
76%
Quiz sur l'année 2024 Mickey Mouse
76%
La réponse est (presque) une ville française Troyes
76%
Sportifs français par image : M Kylian Mbappé
74%
Capitales du monde à l'aveugle Berlin
72%
Tous les sportifs français au Jeux Olympiques de Paris 2024 Léon Marchand
71%
Personnalités nées dans la Somme par image Michou
71%
La réponse est (presque) une ville Albany
70%
Nord-Pas-de-Calais en images Bienvenue chez les Ch'tis
70%
Liens entre les drapeaux #2 - Faire une rotation de 90° dans le sens horaire France
70%
Sportifs français par image : U, V, W, X, Y et Z Zinédine Zidane
70%
Chansons françaises par paroles A-Z Balance ton quoi
69%
Grand quiz des logos de football européen Real Madrid
69%
Sportifs français par image : R Teddy Riner
69%
Participants Olympiades Maison grise Pierre Croce #1 Benjamin Verecchia
68%
Sportifs français par image : D Antoine Dupont
66%
Sportifs français par image : C Sébastien Chabal
66%
Personnalités nées à Paris par image Emma Watson
65%
Sportifs français par image : B Karim Benzema
65%
Sportifs français par image : H, I, J et K N'Golo Kanté
65%
Liens entre les drapeaux #1 - Remplacer le vert par le bleu Russie
64%
Meilleur club de football par département RC Lens
63%
États-Unis à l'aveugle Texas
62%
La Dordogne en images - Site touristique Grotte de Lascaux
61%
10 morts les plus tristes dans Harry Potter James et Lily Potter
61%
La réponse est (presque) une célébrité francophone - Homme d'affaires Bernard Tapie
59%
Sportifs français par image : S, T Jo-Wilfried Tsonga
58%
Personnalité née dans chaque département français - Paris Marion Cotillard
58%
Top 20 des personnages les plus cool de Harry Potter Severus Rogue
58%
Le seul pays restant - à avoir plus d'un pape par kilomètre carré Vatican
57%
Chansons liées à un département français Bande Organisée
56%
Quiz sur l'année 2025 GTA VI
56%
Sportifs français au Jeux Olympiques de Paris 2024 (sports collectifs) Victor Wembanyama
55%
Tous les membres des Enfoirés en images Jean-Jacques Goldman
54%
Pays avec le plus de médailles par habitant aux Jeux Olympiques 2021 Saint-Marin
53%
Orthographe - Mort subite - Mot à orthographier exactement Vinyle
53%
Rôles dans les loups garous de Squeezie Corbeau
52%
Parodies dans les Simpson par image Spider-Man
50%
Sportifs français par image : E et F Tony Estanguet
50%
Liste des Croûtons Valouzz
50%
La réponse est (presque) une ville européenne Bâle
47%
Les Simpson et le grand trombinoscope Lisa Simpson
47%
Le seul État des États-Unis restant - à n'avoir aucune frontière avec un autre État Alaska
46%
Personnage des Simpson version hiver Père Noël
45%
Paroles Encore un soir Céline Dion "Une photo, une {date}, c'est à n'y pas croire"
44%
Sportifs français par image : G Caroline Garcia
43%
Paroles : Le Café Oldelaf "Attendant l'{métro}, je me fais agresser"
42%
Quiz du Tour de France 2023 Tadej Pogačar
42%
Personnalités nées en Seine-Maritime par image Valérie Lemercier
42%
Le seul département restant - à avoir une lettre dans son numéro Haute-Corse
39%
Paroles - Heureux qui comme Ulysse - Ridan "Pour ne plus jamais entendre les {sirènes} et leur voix"
37%
Coureurs présents dans l'album Panini Tour de France 2021 Christopher Froome
36%
Vainqueurs de Culture Clash ZeratoR
36%
Villes de Savoie en images Annecy
35%
Sportifs français par image : N, O, Q Earvin Ngapeth
35%
Participants olympiades saison 2 Pierre Croce Lucas Studio
35%
Personnalités nées dans le Pas-de-Calais par image Fabien Roussel
34%
Personnalités nées dans l'Hérault par images Georges Brassens
34%
Sportifs français par image : P Marie-José Pérec
34%
Sportifs français par image : A Clarisse Agbegnenou
33%
Pays et territoires sur Google Street View/Geoguessr Gibraltar
32%
Villes de la Somme en images Amiens
30%
Picardie en images Charlemagne
30%
Coureurs au départ du Tour de France 2023 Jonas Vingegaard
30%
Villes françaises - Décodeur Toulouse
30%
100 meilleurs coureurs cyclistes de tous les temps Peter Sagan
29%
Quiz sur le Tour de France 2024 Romain Bardet
29%
Tour de France 2020 quiz Julian Alaphilippe
27%
Coureurs ayant remporté une étape sur chacun des trois grands tours Bernard Hinault
26%
Cyclistes ayant porté le maillot de leader sur les 3 Grands Tours Eddy Merckx
26%
Coureurs au départ du Tour de France 2024 Mathieu Van der Poel
26%
Villes (quartiers) de Paris en images Champs-Élysées
24%
Participants Olympiades saison 3 Pierre Croce Anthony Lastella
22%
Paroles : La Tristitude Oldelaf "C'est devenir styliste mais pour {Eddy Mitchell}"
21%
Classement général Giro 2024 Geraint Thomas
19%
Sportifs français par image : L Perrine Laffont
19%
Classement général Tour de France 2021 Wout Van Aert
19%
Carte séquentielle aléatoire des départements - Erreur interdite Marne
16%
L'Aisne en images - Écrivain Alexandre Dumas
15%
Villes de l'Aisne en images Laon
15%
Villes de Dordogne en images Bergerac
14%
Vainqueurs du Tour de France - Mort subite Bradley Wiggins
14%
Personnalités nées dans le Nord par images Jean Lefebvre
14%
Élections présidentielles en France comme aux États-Unis - Département Aude
13%
Paroles : Pourvu - Gauvain Sers "Pourvu qu'elle connaisse {Coke en Stock} Et quelques jurons de Haddock"
13%
Vainqueurs du Tour de France A-Z Vincenzo Nibali
13%
Brooklyn Nine-Nine personnages Raymond Holt
12%
Préfectures des départements à l'aveugle Rennes
11%
Paroles - Dès que le vent soufflera - Renaud - "{Tabarly}, Pajot Kersauson et Riguidel Naviguent pas sur des cageots Ni sur des poubelles"
10%
Carte séquentielle aléatoire des États-Unis - Erreur interdite Nebraska
8%
Villes les plus peuplées de France hors Île-de-France et préfecture Le Havre
5%
Aucun quiz correspondant
Distribution des résultats
% des personnes avec chaque résultat
Percentile par nombre de réponses
Votre historique - résultats
Vous n’avez pas pris ce quiz